The right chemistry. (Record no. 60602)

MARC details
000 -LEADER
fixed length control field 00598cam a2200145 4500
001 - CONTROL NUMBER
control field ABS60927
008 - FIXED-LENGTH DATA ELEMENTS--GENERAL INFORMATION
fixed length control field 000000n 000 0 eng u
035 ## - SYSTEM CONTROL NUMBER
System control number (Sirsi) u101469
100 ## - MAIN ENTRY--PERSONAL NAME
Personal name Benyon, L.
245 #4 - TITLE STATEMENT
Title The right chemistry.
490 ## - SERIES STATEMENT
Series statement Estates Gazette
Volume/sequential designation 64(29) 23 July 1999, 30-32(3)
520 ## - SUMMARY, ETC.
Summary, etc. Examines the property strategies of the UK's top three pharmaceutical companies and considers the challenges posed to the traditional property world by the flexible approach of this industry.
690 ## - LOCAL SUBJECT ADDED ENTRY--TOPICAL TERM (OCLC, RLIN)
Topical term or geographic name as entry element PROPERTY-COMMERCIAL PROPERTY-COMMERCIAL PROPERTY FINANCE AND INVESTMENT
942 ## - ADDED ENTRY ELEMENTS (KOHA)
Suppress in OPAC 0
Holdings
Withdrawn status Lost status Source of classification or shelving scheme Damaged status Not for loan Home library Current library Shelving location Date acquired Total Checkouts Full call number Barcode Date last seen Copy number Price effective from Koha item type
    Dewey Decimal Classification     London London Journal article 04/11/1999   ABS60927 101469-1001 06/08/2019 1 06/08/2019 Journal article